Техническая эффективность дифференциальных токовых релейных защит; Т. 1

গ্রন্থ-পঞ্জীর বিবরন
Parent link:Т. 1.— 2001.— С. 143-146.
প্রধান লেখক: Балобойко М. А.
অন্যান্য লেখক: Шмойлов А. В. Анатолий Васильевич
ভাষা:রুশ
প্রকাশিত: 2001
বিষয়গুলি:
বিন্যাস: গ্রন্থের অধ্যায়
KOHA link:https://koha.lib.tpu.ru/cgi-bin/koha/opac-detail.pl?biblionumber=81784

MARC

LEADER 00000naa2a2200000 4500
001 81784
005 20231031095336.0
035 |a (RuTPU)RU\TPU\book\87896 
090 |a 81784 
100 |a 20050923d2001 k y0rusy50 ca 
101 0 |a rus 
102 |a RU 
200 1 |a Техническая эффективность дифференциальных токовых релейных защит  |f М. А. Балобойко, А. В. Шмойлов 
463 0 |0 (RuTPU)RU\TPU\book\73091  |t Т. 1  |v С. 143-146.  |d 2001  |p 295 с. 
610 1 |a релейные защиты 
610 1 |a эффективность 
610 1 |a техническая эффективность 
610 1 |a измерительные датчики 
610 1 |a трансформаторы 
610 1 |a труды учёных ТПУ 
700 1 |a Балобойко  |b М. А. 
701 1 |a Шмойлов  |b А. В.  |c специалист в области электроэнергетики  |c доцент Томского политехнического университета, кандидат технических наук  |f 1939-  |g Анатолий Васильевич  |2 stltpush  |3 (RuTPU)RU\TPU\pers\26025 
801 1 |a RU  |b 63413507  |c 20050923  |g PSBO 
801 2 |a RU  |b 63413507  |c 20190125  |g RCR 
942 |c BK